| 000 | 00641nam a2200229Ia 4500 | ||
|---|---|---|---|
| 008 | 160404s9999 xx 000 0 und d | ||
| 020 | _a971-914-323-1 | ||
| 050 | _aFIL HD 31 | ||
| 050 | _b.M57 2002 c.1 | ||
| 100 | _aMiranda, Gregorio S. | ||
| 245 | _aManagement principles and practices / | ||
| 245 | _cGregorio S. Miranda, Carmelita M. Miranda - Gow. | ||
| 260 | _aLaguna: | ||
| 260 | _bL and G Business House, | ||
| 260 | _c2002 | ||
| 300 | _a381 pages : | ||
| 300 | _billustrations ; | ||
| 300 | _c22 cm. | ||
| 500 | _aIncludes bibliographical references. | ||
| 650 | _aOffice management. | ||
| 650 | _xOffice practice. | ||
| 999 |
_c293252 _d293252 |
||